| 000 | 01191nam a2200301Ia 4500 | ||
|---|---|---|---|
| 005 | 20220317001906.0 | ||
| 008 | 170410s2007 a a g 000 j s | ||
| 020 | _a9789871296309 | ||
| 041 | _aspa | ||
| 100 | 1 | _aNam, Seok-Ki | |
| 245 | 1 | 4 |
_aLos músicos de Bremen _cJacob y Wilhem Grimm ; adaptado por Nam Seok-Ki ; ilustrado por Jeon Byung-Jun ; traducido por Ana María Caballenas |
| 250 | _a1a. edición | ||
| 300 |
_a[34] páginas _bilustraciones en color _c30 cm |
||
| 500 | _aIncluye guía para padres y datos biográficos de los autores, adaptador e ilustrador | ||
| 600 | 1 | 4 |
_aGrimm, Jacob Ludwig Karl _cLos Musicos De Bremen _d1785-1863 _vAdaptaciones Literarias _978746 |
| 650 | 1 | 4 |
_2LEMB _aCuentos infantiles coreanos |
| 650 | 1 | 4 |
_2LEMB _aLiteratura infantil coreana |
| 650 | 1 | 4 |
_2LEMB _aAnimales en la literatura |
| 700 | 1 |
_aJeon, Byung-Jun _eilustrador _978748 |
|
| 700 | 1 |
_aCaballenas, Ana María _etraductora _978749 |
|
| 942 |
_2loc _cBKLIT |
||
| 264 |
_aBuenos Aires _bUnaluna _c2007 |
||
| 336 |
_atexto _btxt _2rdacontent |
||
| 337 |
_asin mediación _bn _2rdamedia |
||
| 338 |
_avolumen _bnc _2rdacarrier |
||
| 040 |
_aCO-BoRNBP _bspa _erda _cCO-BoRNBP |
||
| 084 | _aC NAM1 | ||
| 999 |
_c8446 _d8446 |
||